Szczegóły MARC21

Nazewnictwo sowiźrzalskie /

003 -Nazwa inst., której nr kontr. jest w polu 001 [,]
    • @
    • Nazwa instytucji, której n kontrolny jest w polu 001
    • NUKAT
005 -DATA I CZAS OSTATNIEJ MODYFIKACJI [,]
    • @
    • pole kontrolne
    • 20241231092036.0
040 -Instytucja sporządzająca opis [ , ]
    • a
    • Instytucja, która sporządziła opis (NP)
    • KR PAU/MS
    • c
    • Instytucja, która sporządziła rekord (NP)
    • KR PAU/MS
    • d
    • Instytucja, która zmodyfikowała rekord (P)
    • KR PAU/MS
    • d
    • Instytucja, która zmodyfikowała rekord (P)
    • KR PAU/MSs
041 -Język dokumentu [0, ]
    • a
    • Język tekstu (P)
    • polski
    • b
    • Język streszczeń lub abstraktu (P)
    • francuski
942 -Rodzaj dokumentu [ , ]
    • c
    • Rodzaj dokumentu
    • Książka
100 -Hasło główne - nazwa osobowa [1, ]
    • a
    • Nazwa osobowa (NP)
    • Grzeszczuk, Stanisław
    • d
    • Daty biograficzne (NP)
    • (1934-1999).
    • 9
    • KHW
    • 18359
245 -Strefa tytułu i oznaczenia odpowiedzialności [1,0]
    • a
    • Tytuł
    • Nazewnictwo sowiźrzalskie / Find
    • c
    • Pozostałe elementy strefy tytułu i oznaczenia odpowiedzialności (NP)
    • Stanisław Grzeszczuk.
246 -Wariant tytułu [1,5]
    • a
    • Tytuł (NP)
    • De onomasticis in litteris polonorum plebeis usurpatis
260 -Strefa adresu wydawniczego [ , ]
    • a
    • Miejsce wydania (P)
    • Kraków :
    • b
    • Nazwa wydawcy (P)
    • nakł. Uniwersytetu Jagiellońskiego
    • c
    • Data wydania (P)
    • 1966.
300 -Strefa opisu fizycznego [ , ]
    • a
    • Określenie formy książki i/lub objętość (NP)
    • 119, [1] s. ;
    • c
    • Format (NP)
    • 25 cm.
336 -Typ zawartości [ , ]
    • a
    • Termin opisujący typ zawartości
    • Tekst
    • b
    • Kod określający zawartość
    • txt
    • 2
    • Źródło (terminu i kodu)
    • rdacontent
337 -Typ mediów [ , ]
    • a
    • Tryb odtwarzania
    • Bez urządzenia pośredniczącego
    • b
    • Kod typu mediów
    • n
    • 2
    • Źródło (terminu i kodu)
    • rdamedia
338 -Typ/rodzaj nośnika [ , ]
    • a
    • Hasło opisujące typ nośnika
    • Wolumin
    • b
    • Kod typu nośnika
    • nc
    • 2
    • Źródło (terminu i kodu)
    • rdacarrier
490 -Strefa serii i książki wielotomowej - forma nie do wyszukiwania [1, ]
    • a
    • Tytuł (P)
    • Zeszyty Naukowe Uniwersytetu Jagiellońskiego. Prace Historycznoliterackie ; Find
    • v
    • Numeracja (P)
    • Z. 9
830 -Hasło dodatkowe serii i opisu książki wielotomowej - tytuł ujednolicony/tytuł [ ,0]
    • a
    • Tytuł ujednolicony/tytuł (NP)
    • Zeszyty Naukowe Uniwersytetu Jagiellońskiego
    • x
    • ISSN
    • 0860-0139
    • v
    • Oznaczenie tomu (NP)
    • 124
    • 9
    • KHW
    • 193
830 -Hasło dodatkowe serii i opisu książki wielotomowej - tytuł ujednolicony/tytuł [ ,0]
    • a
    • Tytuł ujednolicony/tytuł (NP)
    • Zeszyty Naukowe Uniwersytetu Jagiellońskiego.
    • p
    • Nazwa części/podserii/sekcji (P)
    • Prace Historycznoliterackie
    • x
    • ISSN
    • 0083-436X
    • v
    • Oznaczenie tomu (NP)
    • z. 9
    • 9
    • KHW
    • 14409
500 -Uwaga ogólna [ , ]
    • a
    • Uwaga ogólna (NP)
    • W serii gł. nr 124.
504 -Uwaga dot. bibliogr. załącznikowej [ , ]
    • a
    • Uwaga dot. bibliografii załącznikowej
    • Skor.
546 -Uwaga dot. języka [ , ]
    • a
    • Uwaga dot. języka
    • Streszcz. fr. S . przytyt. w jęz. łac.
650 -Hasło przedmiotowe [ ,7]
    • a
    • Hasło przedmiotowe
    • Onomastyka
    • z
    • Określnik geograficzny
    • Polska
    • y
    • Określnik chronologiczny
    • 16 w.
    • 2
    • Źródło terminu
    • kaba
    • 9
    • KHW
    • 410865
650 -Hasło przedmiotowe [ ,7]
    • a
    • Hasło przedmiotowe
    • Onomastyka
    • z
    • Określnik geograficzny
    • Polska
    • y
    • Określnik chronologiczny
    • 17 w.
    • 2
    • Źródło terminu
    • kaba
    • 9
    • KHW
    • 410866
650 -Hasło przedmiotowe [ ,7]
    • a
    • Hasło przedmiotowe
    • Nazwy
    • x
    • Określnik rzeczowy
    • w literaturze.
    • 2
    • Źródło terminu
    • kaba
    • 9
    • KHW
    • 120961
650 -Hasło przedmiotowe [ ,7]
    • a
    • Hasło przedmiotowe
    • Literatura polska
    • y
    • Określnik chronologiczny
    • 16 w.
    • x
    • Określnik rzeczowy
    • tematy, motywy.
    • 2
    • Źródło terminu
    • kaba
    • 9
    • KHW
    • 362170
650 -Hasło przedmiotowe [ ,7]
    • a
    • Hasło przedmiotowe
    • Literatura polska
    • y
    • Określnik chronologiczny
    • 17 w.
    • x
    • Określnik rzeczowy
    • tematy, motywy.
    • 2
    • Źródło terminu
    • kaba
    • 9
    • KHW
    • 362171
931 -Powiązanie tyt. z wydaw. ciągłym [ , ]
    • a
    • Powiązanie tytułówki z wydaw. ciągłym
    • PATRZ WYDAWNICTWO CIĄGŁE
    • z
    • Numer rek. powiązanego
    • 119158